El adiós de Schubert (Record no. 33988)

MARC details
000 -LEADER
campo de control de longitud fija 00859nam a2200241 i 4500
001 - NÚMERO DE CONTROL
campo de control 33988
003 - IDENTIFICADOR DE NÚMERO DE CONTROL
campo de control ES-MaACL
005 - FECHA Y HORA DE LA ÚLTIMA TRANSACCIÓN
campo de control 20250712032630.0
007 - CAMPO FIJO DE DESCRIPCIÓN FÍSICA--INFORMACIÓN GENERAL
campo de control de longitud fija t|
008 - DATOS DE LONGITUD FIJA--INFORMACIÓN GENERAL
campo de control de longitud fija 030203s1888 sp |||| | spa d
100 1# - ENTRADA PRINCIPAL--NOMBRE DE PERSONA
Nombre de persona Blasco Ibáñez, Vicente,
Fechas asociadas al nombre 1867-1928
9 (RLIN) 29388
245 13 - MENCIÓN DEL TÍTULO
Título El adiós de Schubert
Resto del título ; Mademoiselle Norma ; Un idilio nihilista ; Marinoni ; La muerte de Capeto /
Mención de responsabilidad, etc. por Vicente Blasco Ibáñez.
246 3# - FORMA VARIANTE DEL TITULO
Título propio/Titulo breve Mademoiselle Norma
246 3# - FORMA VARIANTE DEL TITULO
Título propio/Titulo breve Marinoni
260 ## - PUBLICACIÓN, DISTRIBUCIÓN, ETC.
Lugar de publicación, distribución, etc. Valencia :
Nombre del editor, distribuidor, etc. [s.n.,
Fecha de publicación, distribución, etc. 1888] (
Fabricante Imp. de "El Correo de Valencia")
300 ## - DESCRIPCIÓN FÍSICA
Extensión 436 p. ;
Dimensiones 19 cm.
530 ## - NOTA DISPONIBLE DE FORMULARIO FÍSICO ADICIONAL
Nota de formato físico adicional disponible Disponible en formato digital.
740 32 - ENTRADA AGREGADA--TÍTULO RELACIONADO/ANALÍTICO NO CONTROLADO
Título relacionado o analítico no controlado Un idilio nihilista.
740 32 - ENTRADA AGREGADA--TÍTULO RELACIONADO/ANALÍTICO NO CONTROLADO
Título relacionado o analítico no controlado La muerte de Capeto.
852 ## - LOCALIZACIÓN
Ubicación ES-MaACL
Número de control de estantería B-2646
856 ## - LOCALIZACIÓN Y ACCESO ELECTRÓNICOS
Identificador Uniforme de Recursos <a href="http://bdh-rd.bne.es/viewer.vm?id=0000050520&page=1 ">http://bdh-rd.bne.es/viewer.vm?id=0000050520&page=1 </a>
Nota pública Biblioteca Digital Hispánica
Holdings
Estatus retirado Estado de pérdida Estado de daño No para préstamo Colección Biblioteca de origen Biblioteca actual Ubicación en estantería Fecha de adquisición Fuente de adquisición Total de préstamos Signatura topográfica completa Código de barras Visto por última vez Precio de reemplazo Tipo de ítem Koha
        Colección digital Biblioteca del Ateneo de Madrid Biblioteca del Ateneo de Madrid Sala Pardo Bazán 17/01/2008     B-2646 1035419 23/02/2023 23/02/2023 Libro impreso antiguo